00554nmm a2200145Ia 4500008004100000020001500041041000800056100003400064245010900098264004400207300001800251490007200269650001600341856005100357251105s9999||||xx |||||||||||||||||und|| a8476587732 aspa aAlmarza-Meñica, Juan Manuel 0aLa religión: ¿cuestiona o consuela? :b En torno a La leyenda de El Gran Inquisidor de F. Dostoievski a[Madrid, España] :bAnthropos, c2006 a138 páginas aPensamiento crítico / Pensamiento utópico: crítica y utopía aReligion(s) uhttps://public.digitaliapublishing.com/a/13578